000 00732nam a2200241 i 4500
001 C2-0273318
003 PPAK
005 20180728002708.0
008 060809s2005 xx a|||| ||||| | may d
040 _aPPAK
_beng
_cPPAK
_erda
082 0 4 _a069.09595
_223
090 0 0 _a069.09595
_bNAZ
_dKK
100 0 _aNazel Hashim Mohamad,
_eauthor
245 1 0 _aMuzium Yang Sepi
264 1 _a[place of publication not identified] :
_b[publisher not identified] ,
_c2005
300 _a4 pages :
_billustrations ;
_c30 cm
336 _2rdacontent
_atext
337 _2rdamedia
_aunmediated
338 _2rdacarrier
_avolume
500 _aDipetik Daripada Majalah Dewan Budaya Januari 2005
650 1 0 _aMuseums-Malaysia
942 _ddc
_cB
999 _c81234
_d81234